Дело по высочайше утвержденным журналам Департамента государственной экономии о некоторых изменениях, предположенных по сметам н...

Доступно только в Электронных читальных залах Найти на картеНа карте
RUSMARC
00003646nmc2a22002413x 450
0010d1e3e8f-5abb-4246-aad4-3c00d5af4aef
00520230424152756.0
100##$a20221107l18671868k l0rusy0189 ca
1010#$arus
102##$aRU
105##$ay###
1222#$ad
2001#$aДело по высочайше утвержденным журналам Департамента государственной экономии о некоторых изменениях, предположенных по сметам на 1868 и 1869 годы
$j20 мая 1867 г. - 12 июля 1868 г.
215##$a144 л.
$d36,5х26 см
251##$cДело
300##$aДело
371##$aДокумент не является опубликованным и широко распространяемым
461#0$1001a74412a3-3cc5-4d21-8f0a-dfe2fbd9e72d
$12001
$aДепартамент народного просвещения Министерства народного просвещения (1803-1917)
$1251
$cФонд
$1852
$j733
462#0$100168ef73bb-909a-4bc7-ae4f-3def6f15d095
$12001
$aСчетный разряд. Сметный стол
$1251
$cОпись
$1852
$j214
801#0$aRU
$bРГИА
$c20221107
$gRCR
801#1$aRU
$bГлавНИВЦ
$c20221107
$2rusmarc
801#2$aRU
$bПБ им. Б.Н. Ельцина
$c20230424
$gRCR
$2rusmarc
850##$aРГИА
852##$aРГИА
$eФедеральное казенное учреждение "Российский государственный исторический архив" (РГИА)
$j19
937##$hРГИА
$d12393937
$aASBIBLIO_SCAN
035##$aRusGRCC00055811
856##$uhttp://readingroom.main.prlib.ru/item.aspx?id_node=n184842939&mode=full
Формат отображения